| 000 | 01633nam0a2200337 4500 | ||
|---|---|---|---|
| 001 | RU\NLR\bibl\516523 | ||
| 005 | 20260405113617.0 | ||
| 010 |
_a5-16-001855-7 _93000 |
||
| 021 |
_aRU _b2004-15366 _9790 |
||
| 035 | _a(NLR Aleph) 000508957 | ||
| 090 |
_a1220951 _c1220951 |
||
| 100 | _a20040430d2004 |||y0rusy50 ca | ||
| 101 | 1 |
_arus _ceng |
|
| 102 | _aRU | ||
| 105 | _aa ||||||||| | ||
| 200 | 1 |
_aНовая парадигма маркетинга _eИнтегрируемые маркетинговые коммуникации _e[Пер. с англ.] _fШульц Дон Е., Танненбаум Стэнли И., Лаутерборн Роберт Ф. |
|
| 210 |
_aМ. _cИНФРА-М _d2004 |
||
| 215 |
_aXXII, 231,[1] с. _cил. _d22 |
||
| 300 | _aЗагл. и авт. ориг.: The new marketing paradigm / Don E. Schultz, Stanley I. Tannenbaum, Robert F. Lauterborn | ||
| 320 | _aБиблиогр. в подстроч. примеч. | ||
| 454 | 0 |
_12001#$aThe new marketing paradigm _1700#1$aSchultz$bD. E.$gDon E.$4070 _1701#1$aTannenbaum$bS. I.$gStanley I.$4070 _1701#1$aLauterborn$bR. F.$gRobert F.$4070 _tThe new marketing paradigm _aSchultz, Don E. |
|
| 606 | 0 |
_aМаркетинговые коммуникации _92118506 _3RU\NLR\auth\661279549 |
|
| 686 | _aУ5-361.4 | ||
| 700 | 1 |
_4070 _8rus _7ca _aШульц _bД. Е. _gДон Е. _3RU\NLR\auth\7744288 _927229 |
|
| 701 | 1 |
_aТанненбаум _bС. И. _gСтэнли И. _4070 |
|
| 701 | 1 |
_aЛаутерборн _bР. Ф. _gРоберт Ф. _4070 |
|
| 801 | 0 |
_aRU _bNLR _c20040430 _gPSBO |
|
| 801 | 1 |
_aRU _bNLR _c20040430 |
|
| 942 | _cBOOK | ||
| 980 | _aNB | ||